000 00564nam a2200205Ia 4500
001 12499
003 GE_BSU
008 181216s||||||||xx |||||||||||||| ||und||
040 _cGE_BSU
080 _a581.192.1
100 _aЯгодин,Б.А.
245 _aКобальт в жизни растении
245 _cРед.И.Ф.Грибовская. Заицева Т.И.
260 _aМосква
260 _bНаука
260 _c1970
300 _a342стр.22см.илл.
653 _aКобальт в жизни растении
942 _cBK
999 _c45673
_d45673